| 000 | 00531nam a2200169 i 4500 | ||
|---|---|---|---|
| 001 | 30789 | ||
| 003 | ES-MaACL | ||
| 005 | 20230906154244.0 | ||
| 007 | t| | ||
| 008 | 030127s1958 sp ||||1| spa d | ||
| 100 | 1 |
_aBartolini, Luigi. _926154 |
|
| 245 | 1 | 3 |
_aEl ladrón de bicicletas / _cpor Luigi Bartolini ; [versión castellana de Fernando Barango-Solis]. |
| 260 |
_aBarcelona : _bG.P., _c[1958] ( _fGuada) |
||
| 300 |
_a127 p. ; _c18 cm. |
||
| 700 | 1 |
_aBarangó-Solís, Fernando. _925320 |
|
| 852 |
_aES-MaACL _jC-15260 _bR.43075 |
||
| 999 |
_c30789 _d30789 |
||